Elements of the Periodic Table 61-80 - Statistics

General Stats
  • This quiz has been taken 1,022 times
  • The average score is 14 of 20
Answer Stats
# Symbol Answer % Correct
63 Eu Europium
83%
79 Au Gold
82%
61 Pm Promethium
78%
62 Sm Samarium
76%
74 W Tungsten
76%
80 Hg Mercury
74%
70 Yb Ytterbium
74%
78 Pt Platinum
70%
72 Hf Hafnium
69%
77 Ir Iridium
68%
67 Ho Holmium
67%
76 Os Osmium
67%
68 Er Erbium
66%
64 Gd Gadolinium
66%
65 Tb Terbium
65%
66 Dy Dysprosium
61%
75 Re Rhenium
60%
71 Lu Lutetium
57%
73 Ta Tantalum
57%
69 Tm Thulium
55%
No matching quizzes found
Score Distribution
Percent of People with Each Score
Percentile by Number Answered
Your Score History
You have not taken this quiz